Alle Vlag-Vormen van Landen van de Wereld - Statistieken

Algemene statistieken
  • Deze quiz is 4.159 keer genomen
  • De gemiddelde score is 112 van 196
Antwoordstatistieken
Foto Antwoord % Correct
Australië
99%
China
97%
Verenigde Staten
97%
Verenigd Koninkrijk
97%
IJsland
95%
Canada
94%
Frankrijk
94%
Griekenland
93%
Noorwegen
93%
Chili
90%
Denemarken
89%
Italië
89%
Nieuw-Zeeland
89%
Duitsland
88%
India
88%
Rusland
88%
Turkije
88%
Spanje
87%
Kroatië
86%
Portugal
86%
Zwitserland
85%
België
84%
Oekraïne
84%
Vietnam
84%
Argentinië
83%
Estland
83%
Indonesië
83%
Mexico
83%
Oostenrijk
82%
Zweden
82%
Brazilië
81%
Israël
81%
Jamaica
81%
Japan
81%
Nederland
81%
Cyprus
78%
Ierland
78%
Luxemburg
78%
Finland
77%
Zuid-Afrika
77%
Malta
76%
Polen
76%
Noord-Korea
75%
Kazachstan
74%
Tsjechië
74%
Bangladesh
73%
Cuba
73%
Thailand
73%
Filipijnen
72%
Pakistan
72%
Slowakije
72%
Albanië
71%
Maleisië
71%
Panama
70%
Colombia
69%
Marokko
69%
Bosnië en Herzegovina
68%
Iran
68%
Egypte
67%
Kosovo
67%
Roemenië
67%
Venezuela
67%
Bulgarije
66%
Noord-Macedonië
65%
Servië
65%
Slovenië
65%
Georgië
64%
Montenegro
64%
Belarus
63%
Letland
63%
Libanon
63%
Moldavië
63%
Qatar
63%
Somalië
63%
Ecuador
62%
Saoedi-Arabië
62%
Senegal
62%
Vaticaanstad
62%
Zuid-Korea
62%
Azerbeidzjan
61%
Hongarije
61%
Ivoorkust
61%
Laos
61%
Oezbekistan
61%
Uruguay
61%
Irak
60%
Nigeria
60%
Peru
60%
San Marino
59%
Syrië
59%
Tunesië
59%
Algerije
58%
Verenigde Arabische Emiraten
58%
Democratische Republiek Congo
57%
Myanmar
57%
Costa Rica
56%
Kameroen
56%
Kenia
56%
Mali
55%
Taiwan
55%
Armenië
54%
Liechtenstein
54%
Mongolië
54%
Singapore
54%
Turkmenistan
54%
Cambodja
53%
Kirgizië
53%
Papoea-Nieuw-Guinea
53%
Sri Lanka
53%
Afghanistan
52%
Andorra
52%
Angola
52%
Bhutan
52%
Haïti
52%
Madagaskar
52%
Paraguay
52%
Litouwen
51%
Mozambique
51%
Nepal
50%
Honduras
49%
Oeganda
49%
Suriname
49%
Eritrea
48%
Ghana
48%
Ethiopië
47%
Monaco
47%
Tsjaad
47%
Zambia
47%
Bahama's
46%
Gabon
46%
Koeweit
46%
Malawi
46%
Barbados
45%
Dominicaanse Republiek
45%
Namibië
45%
Niger
45%
Benin
44%
Burkina Faso
44%
Libië
44%
Tadzjikistan
44%
Gambia
43%
Guatemala
43%
Jemen
43%
Nicaragua
43%
Botswana
42%
Centraal-Afrikaanse Republiek
42%
El Salvador
42%
Eswatini
42%
Seychellen
42%
Tanzania
42%
Brunei
41%
Jordanië
41%
Liberia
41%
Mauritanië
41%
Soedan
41%
Saint Lucia
40%
Bahrein
39%
Lesotho
39%
Oman
39%
Republiek Congo
39%
Oost-Timor
38%
Togo
38%
Trinidad en Tobago
38%
Belize
37%
Burundi
37%
Guinee
37%
Palau
37%
Zuid-Soedan
37%
Bolivia
36%
Guyana
35%
Zimbabwe
35%
Fiji
34%
Djibouti
33%
Dominica
33%
Nauru
33%
Sierra Leone
33%
Rwanda
32%
Saint Kitts en Nevis
32%
Mauritius
31%
Antigua en Barbuda
30%
Comoren
30%
Guinee-Bissau
30%
Samoa
30%
Equatoriaal-Guinea
28%
Micronesia
27%
Saint Vincent en de Grenadines
27%
Grenada
26%
Salomonseilanden
26%
Marshalleilanden
25%
Kaapverdië
24%
Vanuatu
23%
Kiribati
22%
Maldiven
22%
Tuvalu
22%
Tonga
21%
Sao Tomé en Principe
20%
Geen overeenkomende quizzen gevonden
Scoreverdeling
Procent van Mensen met Elke Score
Percentiel versus Aantal Correcte Antwoorden
Uw Scoregeschiedenis
U heeft deze quiz nog niet genomen